أساليب العرض المتحفي والتخزين للآثار الفخارية والخزفية مع التطبيق على أحد النماذج المختارة / (رقم التسجيلة. 179649)

تفاصيل مارك
000 -LEADER
fixed length control field 04587namaa22004091i 4500
003 - CONTROL NUMBER IDENTIFIER
control field OSt
005 - أخر تعامل مع التسجيلة
control field 20260421120630.0
008 - FIXED-LENGTH DATA ELEMENTS--GENERAL INFORMATION
fixed length control field 250827s2024 ua a|||frm||| 000 0 eng d
040 ## - CATALOGING SOURCE
Original cataloguing agency EG-GICUC
Language of cataloging ara
Transcribing agency EG-GICUC
Modifying agency EG-GICUC
Description conventions rda
041 0# - LANGUAGE CODE
Language code of text/sound track or separate title ara
Language code of summary or abstract ara
-- eng
049 ## - Acquisition Source
Acquisition Source إيداع
082 04 - DEWEY DECIMAL CLASSIFICATION NUMBER
Classification number 745.10288
092 ## - LOCALLY ASSIGNED DEWEY CALL NUMBER (OCLC)
Classification number 745.10288
Edition number 21
097 ## - Degree
Degree مــــاجستير
099 ## - LOCAL FREE-TEXT CALL NUMBER (OCLC)
Local Call Number Cai01.14.03.M.Sc.2024.عل.أ
100 0# - MAIN ENTRY--PERSONAL NAME
Authority record control number or standard number ،على نادى توفيق عثمان
Preparation إعداد.
245 10 - TITLE STATEMENT
Title أساليب العرض المتحفي والتخزين للآثار الفخارية والخزفية مع التطبيق على أحد النماذج المختارة /
Statement of responsibility, etc. إعداد على نادى توفيق عثمان؛ إشراف أ.د. محمد محمد مصطفي إبراهيم.
246 15 - VARYING FORM OF TITLE
Title proper/short title Museum display and storage methods for pottery and ceramics with application to a selected model /
264 #0 - PRODUCTION, PUBLICATION, DISTRIBUTION, MANUFACTURE, AND COPYRIGHT NOTICE
Date of production, publication, distribution, manufacture, or copyright notice 2024.
300 ## - PHYSICAL DESCRIPTION
Extent 201 صفحة :
Other physical details إيضاحيات ؛
Dimensions 30 سم. +
Accompanying material CD.
336 ## - CONTENT TYPE
Content type term text
Source rda content
337 ## - MEDIA TYPE
Media type term Unmediated
Source rdamedia
338 ## - CARRIER TYPE
Carrier type term volume
Source rdacarrier
502 ## - DISSERTATION NOTE
Dissertation note أطروحة (ماجستير)-جامعة القاهرة، 2024.
504 ## - BIBLIOGRAPHY, ETC. NOTE
Bibliography, etc. note ببليوجرافيا: صفحات 177-201.
520 ## - SUMMARY, ETC.
Summary, etc. تتناول هذه الدراسة موضوعًا بالغ الأهمية يتعلق بأساليب عرض وتخزين الآثار الفخارية والخزفية، نظرًا لما تمثله من قيمة كبيرة في طرق التخزين والعرض المتحفي. لذا، تركز دراستنا على جانب أساسي من عملية العناية والصيانة لهذه الآثار، وهو عمليات التنظيف، والاستكمال، والحفظ، والتخزين.تتضمن الدراسة استعراض أساليب عرض الآثار الفخارية والخزفية في المتاحف، مع التعريف بالمتحف ودوره في الحفاظ على القيمة الجمالية والمادية لهذه الآثار. كما تتناول أنواع العرض المتحفي، وعناصره، وأهدافه، والوحدات المستخدمة في عرض القطع المختلفة، بالإضافة إلى طرق تخزين الفخار والخزف الأثري ووسائل النقل المتنوعة لهذه الآثار.كما تدرس الدراسة العوامل المؤثرة على تلف الآثار الفخارية والخزفية في المتاحف والمخازن الأثرية، بدءًا من العوامل المسببة لتلف المواد، والعوامل الميكانيكية، والفيزيائية، والكيميائية، وصولًا إلى التلف الناتج عن طرق التعامل غير السليمة، والعوامل البشرية، والكوارث الطبيعية، وطرق قياس هذه العوامل.
520 ## - SUMMARY, ETC.
Summary, etc. This study addresses a highly important topic related to the methods of displaying and storing pottery and ceramic artifacts, given their significant value in storage and museum display techniques. Therefore, our study focuses on a fundamental aspect of the care and maintenance of these artifacts, which includes cleaning, restoration, preservation, and storage processes.<br/>The study includes a review of the methods of displaying pottery and ceramic artifacts in museums, along with an introduction to the museum and its role in preserving the aesthetic and material value of these artifacts. It also discusses the types of museum displays, their elements, objectives, and the units used for displaying various pieces, in addition to the methods of storing archaeological pottery and ceramics and the various means of transporting these artifacts.Furthermore, the study examines the factors affecting the deterioration of pottery and ceramic artifacts in museums and archaeological storage, starting.
530 ## - ADDITIONAL PHYSICAL FORM AVAILABLE NOTE
Issues CD صدر أيضًا كقرص مدمج.
546 ## - LANGUAGE NOTE
Text Language النص بالعربية والملخص باللغة الإنجليزية والعربية.
650 #7 - SUBJECT ADDED ENTRY--TOPICAL TERM
Topical term or geographic name entry element الصيانة والاصلاح
Source of heading or term qrmak
653 #0 - INDEX TERM--UNCONTROLLED
Uncontrolled term متحف
-- الخزف
-- الفخار
700 0# - ADDED ENTRY--PERSONAL NAME
Personal name محمد محمد مصطفي إبراهيم
Relator term مشرف أطروحة.
900 ## - Thesis Information
Grant date 05-12-2024
Supervisory body محمد محمد مصطفي إبراهيم
Discussion body محسن محمد صالح محمد
-- فاطمة صلاح مدكور
Universities جامعة القاهرة
Faculties كلية الآثار
Department قسم ترميم الآثار
905 ## - Cataloger and Reviser Names
Cataloger Name Sara Salah
942 ## - ADDED ENTRY ELEMENTS (KOHA)
Source of classification or shelving scheme Dewey Decimal Classification
Koha item type Thesis
Edition 21
Suppress in OPAC No
المقتنيات
Source of classification or shelving scheme Home library Current library Date acquired Inventory number Full call number Barcode Date last seen Effective from Koha item type
Dewey Decimal Classification المكتبة المركزبة الجديدة - جامعة القاهرة قاعة الرسائل الجامعية - الدور الاول 21.04.2026 33124 Cai01.14.03.M.Sc.2024.عل.أ 01010100033124000 21.04.2026 21.04.2026 Thesis
Cairo University Libraries Portal Implemented & Customized by: Eng. M. Mohamady Contacts: new-lib@cl.cu.edu.eg | cnul@cl.cu.edu.eg
CUCL logo CNUL logo
© All rights reserved — Cairo University Libraries
CUCL logo
Implemented & Customized by: Eng. M. Mohamady Contact: new-lib@cl.cu.edu.eg © All rights reserved — New Central Library
CNUL logo
Implemented & Customized by: Eng. M. Mohamady Contact: cnul@cl.cu.edu.eg © All rights reserved — Cairo National University Library